Devenir curé à Paris : Institutions et carrières ecclésiastiques, 1695-1789 (notice n° 2149861)
[ vue normale ]
| 000 -LEADER | |
|---|---|
| fixed length control field | 01208cam a2200145 4500500 |
| 005 - DATE AND TIME OF LATEST TRANSACTION | |
| control field | 20260405025940.0 |
| 041 ## - LANGUAGE CODE | |
| Language code of text/sound track or separate title | fre |
| 042 ## - AUTHENTICATION CODE | |
| Authentication code | dc |
| 100 10 - MAIN ENTRY--PERSONAL NAME | |
| Personal name | de Dainville-Barbiche, Ségolène |
| Relator term | author |
| 245 00 - TITLE STATEMENT | |
| Title | Devenir curé à Paris : Institutions et carrières ecclésiastiques, 1695-1789 |
| 260 ## - PUBLICATION, DISTRIBUTION, ETC. | |
| Name of publisher, distributor, etc. | Presses Universitaires de France,<br/> |
| Date of publication, distribution, etc. | 2005.<br/> |
| 520 ## - SUMMARY, ETC. | |
| Summary, etc. | Malgré l’affaiblissement des repères du catholicisme en France, le personnage du curé est encore familier aujourd’hui. Il fait partie d’une institution qui remonte aux temps carolingiens. Elle s’insère dans un cadre canonique variable selon les époques,dont la complexité peut décourager l’historien risquant le contresens ou même le non discernement de nombreuses stratégiques ecclésiastiques.Cette étude montre les différents modes d’accès canoniques aux cures, la proportion des changements et les procédures de remplacement, les attraits financiers grâce aux sources fiscales, sans oublier la «considération» du curé dans la société. |
| 700 10 - ADDED ENTRY--PERSONAL NAME | |
| Personal name | Dainville-Barbiche, Ségolène de |
| Relator term | author |
| 856 41 - ELECTRONIC LOCATION AND ACCESS | |
| Uniform Resource Identifier | <a href="https://shs.cairn.info/devenir-cure-a-paris--9782130543404?lang=fr&redirect-ssocas=7080">https://shs.cairn.info/devenir-cure-a-paris--9782130543404?lang=fr&redirect-ssocas=7080</a> |
Pas d'exemplaire disponible.




Réseaux sociaux